| 000 | 00773cam a2200265 4500 | ||
|---|---|---|---|
| 001 | 25450 | ||
| 003 | BD-RjUL | ||
| 005 | 20211209050900.0 | ||
| 008 | 140318s1969 enkab b 001 0 eng | ||
| 020 | _a0521095735 | ||
| 035 | _a(BD-RjUL)25520 | ||
| 040 |
_aDLC _cDLC _dDLC _dBD-RjUL _beng |
||
| 041 | _aeng | ||
| 082 | 0 | 0 |
_a949.61 _bRUF |
| 100 | 1 |
_aRunciman, Steven, _d1903-2000. _976060 |
|
| 245 | 1 | 4 |
_aThe fall of Constantinople, 1453 / _cSteven, Runciman |
| 260 |
_aCambridge : _bCambridge U.P., _c1969. |
||
| 300 |
_axiv, 256 p. : _billus., maps. ; _c22 cm. |
||
| 350 |
_a12/- _a($1.95) |
||
| 504 | _aBibliography: p. 236-245. | ||
| 651 | 0 |
_aIstanbul (Turkey) _xHistory _ySiege, 1453. _978253 |
|
| 942 |
_2ddc _cBK |
||
| 999 |
_c25450 _d25450 |
||